Selbstverletzendes Verhalten
Saved in:
| Main Author: | |
|---|---|
| Format: | Chapter/Article |
| Language: | German |
| Published: |
2019
|
| In: |
Praxisleitfaden psychische Erkrankungen
Year: 2019, Pages: 303-310 |
| Online Access: |
|
| Author Notes: | Martin Bohus |
MARC
| LEADER | 00000caa a2200000 c 4500 | ||
|---|---|---|---|
| 001 | 1667565664 | ||
| 003 | DE-627 | ||
| 005 | 20241202213829.0 | ||
| 007 | tu | ||
| 008 | 190618s2019 xx ||||| 00| ||ger c | ||
| 035 | |a (DE-627)1667565664 | ||
| 035 | |a (DE-599)KXP1667565664 | ||
| 035 | |a (OCoLC)1474572684 | ||
| 040 | |a DE-627 |b ger |c DE-627 |e rda | ||
| 041 | |a ger | ||
| 084 | |a 11 |2 sdnb | ||
| 100 | 1 | |a Bohus, Martin |d 1956- |e VerfasserIn |0 (DE-588)123588308 |0 (DE-627)082645469 |0 (DE-576)167043471 |4 aut | |
| 245 | 1 | 0 | |a Selbstverletzendes Verhalten |c Martin Bohus |
| 264 | 1 | |c 2019 | |
| 300 | |a 8 | ||
| 336 | |a Text |b txt |2 rdacontent | ||
| 337 | |a ohne Hilfsmittel zu benutzen |b n |2 rdamedia | ||
| 338 | |a Band |b nc |2 rdacarrier | ||
| 500 | |a Literaturangaben | ||
| 773 | 0 | 8 | |i Enthalten in |t Praxisleitfaden psychische Erkrankungen |b 1. Auflage |d Bern : Hogrefe, 2019 |g (2019), Seite 303-310 |h 406 Seiten |w (DE-627)893496006 |w (DE-576)516639021 |z 3456857292 |z 9783456857299 |7 nnam |a Selbstverletzendes Verhalten |
| 773 | 1 | 8 | |g year:2019 |g pages:303-310 |g extent:8 |a Selbstverletzendes Verhalten |
| 951 | |a AR | ||
| 992 | |a 20241111 | ||
| 993 | |a BookComponentPart | ||
| 994 | |a 2019 | ||
| 998 | |g 123588308 |a Bohus, Martin |m 123588308:Bohus, Martin |d 60000 |e 60000PB123588308 |k 0/60000/ |p 1 |x j |y j | ||
| 999 | |a KXP-PPN1667565664 |e 4613194601 | ||
| BIB | |a Y | ||
| JSO | |a {"recId":"1667565664","origin":[{"dateIssuedKey":"2019","dateIssuedDisp":"2019"}],"id":{"eki":["1667565664"]},"physDesc":[{"extent":"8 S."}],"person":[{"display":"Bohus, Martin","role":"aut","family":"Bohus","given":"Martin"}],"relHost":[{"recId":"893496006","corporate":[{"role":"pbl","display":"Hogrefe Verlag"}],"person":[{"display":"Dietrich, Detlef","role":"edt","family":"Dietrich","given":"Detlef"},{"family":"Goesmann","given":"Cornelia","display":"Goesmann, Cornelia","role":"edt"},{"family":"Gensichen","given":"Jochen","display":"Gensichen, Jochen","role":"edt"},{"role":"edt","display":"Hauth, Iris","given":"Iris","family":"Hauth"},{"family":"Veit","given":"Iris","display":"Veit, Iris","role":"edt"},{"display":"Aden, Ilka","role":"ctb","family":"Aden","given":"Ilka"},{"role":"ctb","display":"Bandelow, Borwin","given":"Borwin","family":"Bandelow"},{"family":"Bergmann","given":"Frank","display":"Bergmann, Frank","role":"ctb"}],"physDesc":[{"extent":"406 Seiten","noteIll":"Diagramme","noteFormat":"24 cm x 17 cm"}],"id":{"eki":["893496006"],"isbn":["3456857292","9783456857299"]},"disp":"Selbstverletzendes VerhaltenPraxisleitfaden psychische Erkrankungen","origin":[{"publisherPlace":"Bern","editionNo":"1","edition":"1. Auflage","publisher":"Hogrefe","dateIssuedKey":"2019","dateIssuedDisp":"2019"}],"name":{"displayForm":["Detlef E. Dietrich, Cornelia Goesmann, Jochen Gensichen, Iris Hauth, Iris Veit (Hrsg.) ; unter Mitarbeit von Ilka Aden, Borwin Bandelow, Frank Bergmann [und 46 weiteren]"]},"note":["Literaturangaben","Enthält 33 Beiträge"],"type":{"bibl":"edited-book"},"part":{"text":"(2019), Seite 303-310","pages":"303-310","extent":"8","year":"2019"},"language":["ger"],"title":[{"title_sort":"Praxisleitfaden psychische Erkrankungen","title":"Praxisleitfaden psychische Erkrankungen","subtitle":"von Hausärzten und Psychiatern gemeinsam für die Praxis erarbeitet"}]}],"note":["Literaturangaben"],"name":{"displayForm":["Martin Bohus"]},"title":[{"title":"Selbstverletzendes Verhalten","title_sort":"Selbstverletzendes Verhalten"}],"language":["ger"],"type":{"bibl":"chapter"}} | ||
| SRT | |a BOHUSMARTISELBSTVERL2019 | ||